[Event "Schachfestival 2014 - Senioren"]
[Site "Woerishofen Bad"]
[Date "2014.03.22"]
[Round "2.51"]
[White "Blosze, Winfried"]
[Black "Neiss, Albrecht"]
[Result "1-0"]
[WhiteElo "1857"]
[BlackElo "1633"]
[PlyCount "87"]
[EventDate "2014.03.21"]
[EventType "swiss"]
[EventCountry "GER"]
[WhiteTeam "SV Königsspringer 1929 Grossauheim"]
[BlackTeam "SC Kirchseeon e.V."]
[WhiteTeamCountry "GER"]
[BlackTeamCountry "GER"]

1. e4 c5 2. d4 cxd4 3. c3 e6 4. Nf3 Ne7 5. cxd4 d5 6. Bd3 Nbc6 7. O-O dxe4 8.
Bxe4 Nd5 9. a3 Be7 10. Nc3 O-O 11. Qb3 Nf6 12. Bxc6 bxc6 13. Rd1 Bd7 14. Bg5
Rb8 15. Qc2 Nd5 16. Bxe7 Qxe7 17. Rac1 f5 18. Na4 Rf6 19. Ne5 Rc8 20. Nc5 Be8
21. Re1 Rh6 22. Nf3 Bh5 23. Qe2 Nf4 24. Qe3 Bxf3 25. Qxf3 Qg5 26. g3 Rg6 27.
Kh1 Nh3 28. Rc2 f4 29. Re5 Qe7 30. Rce2 fxg3 31. fxg3 Rf8 32. Qxc6 Rf1+ 33. Kg2
Rg1+ 34. Kxh3 Rh6+ 35. Kg4 Rg6+ 36. Kf4 Rf1+ 37. Ke3 Rgf6 38. Qc8+ Kf7 39. Qd7
R6f3+ 40. Kd2 Rb1 41. Qxe7+ Kxe7 42. Rxe6+ Kf7 43. Kc2 Rff1 44. Nd3 1-0

[Event "Schachfestival 2014 - Senioren"]
[Site "Woerishofen Bad"]
[Date "2014.03.22"]
[Round "2.18"]
[White "Reichwald, Klaus"]
[Black "Plischke, Berthold"]
[Result "0-1"]
[WhiteElo "1894"]
[BlackElo "2028"]
[PlyCount "48"]
[EventDate "2014.03.21"]
[EventType "swiss"]
[EventCountry "GER"]
[WhiteTeam "SC Lohhof 1950 e.V."]
[BlackTeam "Schachverein Wesel 1928 e.V."]
[WhiteTeamCountry "GER"]
[BlackTeamCountry "GER"]

1. e4 e6 2. d4 d5 3. Nc3 Nf6 4. e5 Nfd7 5. Nf3 c5 6. Be3 Nc6 7. Bb5 Qb6 8. Bxc6
bxc6 9. O-O cxd4 10. Bxd4 c5 11. Na4 Qa5 12. Nxc5 Bxc5 13. c3 Bxd4 14. Nxd4 O-O
15. f4 Qb6 16. Qd2 f6 17. Rae1 Ba6 18. Rf2 Nc5 19. Qe3 fxe5 20. Qxe5 Nd3 21.
Qxe6+ Qxe6 22. Rxe6 Nxf2 23. Kxf2 Rxf4+ 24. Kg3 Rf6 0-1

[Event "Schachfestival 2014 - Senioren"]
[Site "Woerishofen Bad"]
[Date "2014.03.22"]
[Round "2.27"]
[White "Narr, Irmgard"]
[Black "Engbrecht, Helmut"]
[Result "0-1"]
[WhiteElo "1761"]
[BlackElo "2037"]
[PlyCount "84"]
[EventDate "2014.03.21"]
[EventType "swiss"]
[EventCountry "GER"]
[WhiteTeam "SC Mühlh.-R.Nürnberg"]
[BlackTeam "SV Schorndorf"]
[WhiteTeamCountry "GER"]
[BlackTeamCountry "GER"]

1. e4 e5 2. Bc4 Nf6 3. d3 d5 4. exd5 Nxd5 5. Nf3 f6 6. c3 Be7 7. Qb3 c6 8. Nbd2
b5 9. Bxd5 Qxd5 10. Qc2 Bf5 11. Ne4 g5 12. O-O Nd7 13. Be3 c5 14. Nfd2 Nb6 15.
b3 Qc6 16. Rad1 Bg6 17. f3 Kf7 18. Rfe1 Nd5 19. Bf2 Nf4 20. Nf1 Rhd8 21. Be3
Rd7 22. Bxf4 gxf4 23. Qe2 f5 24. Nf2 Bf6 25. Rc1 a5 26. c4 b4 27. Rcd1 a4 28.
Ra1 Rda7 29. Rab1 axb3 30. axb3 Ra2 31. Rb2 Rxb2 32. Qxb2 e4 33. Qe2 exf3 34.
Qxf3 Qxf3 35. gxf3 Bh5 36. Kg2 Rg8+ 37. Kh3 Bxf3 38. Ng3 fxg3 39. hxg3 Rg6 40.
Kh2 Rh6+ 41. Kg1 Bd4 42. Kf1 Rh2 0-1

[Event "Schachfestival 2014 - Senioren"]
[Site "Woerishofen Bad"]
[Date "2014.03.22"]
[Round "2.19"]
[White "Auterhoff, Juergen"]
[Black "Nachtkamp, Herbert"]
[Result "1/2-1/2"]
[WhiteElo "1803"]
[BlackElo "2014"]
[PlyCount "55"]
[EventDate "2014.03.21"]
[EventType "swiss"]
[EventCountry "GER"]
[WhiteTeam "SC Pasing von 1948 e.V."]
[BlackTeam "SK Norderstedt von 1975"]
[WhiteTeamCountry "GER"]
[BlackTeamCountry "GER"]

1. e4 c6 2. d4 d5 3. Nc3 dxe4 4. Nxe4 Bf5 5. Ng3 Bg6 6. Nf3 Nd7 7. h4 h6 8. h5
Bh7 9. Bd3 Bxd3 10. Qxd3 e6 11. Bd2 Ngf6 12. O-O-O Be7 13. Qe2 O-O 14. Ne5 Qc7
15. f4 Bd6 16. Rhf1 Rfe8 17. Ne4 Nxe4 18. Qxe4 Nf6 19. Qe2 c5 20. dxc5 Bxc5 21.
g4 Bd4 22. g5 hxg5 23. Nf3 e5 24. fxg5 Nxh5 25. Qh2 g6 26. Nxd4 Rac8 27. Bc3
exd4 28. Qxc7 1/2-1/2

[Event "Schachfestival 2014 - Senioren"]
[Site "Woerishofen Bad"]
[Date "2014.03.22"]
[Round "2.4"]
[White "Neese, Hans Joachim"]
[Black "Klein, Reinhard"]
[Result "1-0"]
[WhiteElo "2172"]
[BlackElo "1927"]
[PlyCount "77"]
[EventDate "2014.03.21"]
[EventType "swiss"]
[EventCountry "GER"]
[WhiteTeam "Schachverein Hennef 1927 e.V."]
[BlackTeam "SC Roter Turm Altstadt"]
[WhiteTeamCountry "GER"]
[BlackTeamCountry "GER"]

1. d4 d5 2. Nf3 c6 3. Bf4 Bf5 4. Nbd2 Nf6 5. h3 e6 6. e3 Bd6 7. Ne5 Qc7 8. g4
Be4 9. Rg1 h6 10. Nxe4 dxe4 11. Bg2 g5 12. Bg3 Nbd7 13. Nxd7 Kxd7 14. Be5 Ke7
15. Bxf6+ Kxf6 16. Bxe4 Qa5+ 17. c3 Qb6 18. Qe2 Ke7 19. O-O-O a5 20. h4 a4 21.
hxg5 hxg5 22. Rh1 a3 23. b3 Rh4 24. Rxh4 gxh4 25. Rh1 Rh8 26. Rh3 Kf8 27. Kc2
Be7 28. f4 Qd8 29. g5 f6 30. Qf2 fxg5 31. fxg5+ Ke8 32. g6 Rf8 33. Qg2 Bg5 34.
Kd3 Rg8 35. Qg4 Qe7 36. Rf3 Rg7 37. Qh5 Bf6 38. Qh8+ Kd7 39. Qb8 1-0

[Event "Schachfestival 2014 - Senioren"]
[Site "Woerishofen Bad"]
[Date "2014.03.22"]
[Round "2.47"]
[White "Rueggeberg, Wilhelm"]
[Black "Stratmann, Dietrich"]
[Result "1-0"]
[WhiteElo "1882"]
[BlackElo "1697"]
[PlyCount "77"]
[EventDate "2014.03.21"]
[EventType "swiss"]
[EventCountry "GER"]
[WhiteTeam "Sfr.Saarburg-Trier"]
[BlackTeam "SC Schwarz-Weiss Northeim"]
[WhiteTeamCountry "GER"]
[BlackTeamCountry "GER"]

1. d4 Nf6 2. c4 g6 3. Nc3 d5 4. cxd5 Nxd5 5. e4 Nxc3 6. bxc3 Bg7 7. Nf3 O-O 8.
Be3 c5 9. Qc2 Qa5 10. Rb1 cxd4 11. Rb5 Qxc3+ 12. Qxc3 dxc3 13. Bd3 Nc6 14. O-O
Rd8 15. Bc2 b6 16. Rd1 Rxd1+ 17. Bxd1 Ba6 18. Rb3 Rd8 19. Bc2 Bd3 20. Bxd3 Rxd3
21. Kf1 Nd4 22. Nxd4 Bxd4 23. Ke2 Rd2+ 24. Bxd2 cxd2 25. Rd3 e5 26. Rxd2 Kf8
27. Kd3 Ke7 28. Kc4 a6 29. Kd5 f6 30. Rc2 Bc5 31. Rxc5 bxc5 32. Kxc5 Kd7 33.
Kb6 f5 34. f3 Kd6 35. Kxa6 Kc6 36. a4 fxe4 37. fxe4 h6 38. g4 g5 39. a5 1-0

[Event "Schachfestival 2014 - Senioren"]
[Site "Woerishofen Bad"]
[Date "2014.03.22"]
[Round "2.37"]
[White "Lainburg, Viktor"]
[Black "Langhoff, Wolfgang"]
[Result "1-0"]
[WhiteElo "2188"]
[BlackElo "1820"]
[PlyCount "121"]
[EventDate "2014.03.21"]
[EventType "swiss"]
[EventCountry "GER"]
[WhiteTeam "SC Weisse Dame Ulm e.V."]
[BlackTeam "SK Mannheim-Lindenhof 1865"]
[WhiteTeamCountry "GER"]
[BlackTeamCountry "GER"]

1. d4 Nf6 2. Bg5 Ne4 3. Bh4 c5 4. dxc5 Qa5+ 5. Nd2 e6 6. c3 Nxd2 7. Qxd2 Qxc5
8. Nf3 Nc6 9. e4 f6 10. Be2 Be7 11. O-O O-O 12. b4 Qb6 13. a4 e5 14. a5 Qc7 15.
b5 Nd8 16. Qd5+ Rf7 17. Qb3 Kh8 18. Bc4 Rf8 19. Ne1 g5 20. Bg3 Bc5 21. Nd3 d6
22. Kh1 Bg4 23. f3 Bh5 24. Nxc5 Qxc5 25. Bf2 Qc8 26. Rfd1 Bf7 27. Bxf7 Nxf7 28.
c4 Kg7 29. Rd5 Qe6 30. Qb4 Rfd8 31. Rad1 g4 32. Qb3 h5 33. Qd3 Kf8 34. Qe2 Kg8
35. Be3 Rdc8 36. Rc1 Kf8 37. Qf2 gxf3 38. gxf3 Qh3 39. Qg3 Qxg3 40. hxg3 Ke7
41. Kg2 a6 42. bxa6 bxa6 43. c5 dxc5 44. Bxc5+ Ke8 45. Rh1 Rd8 46. Rxd8+ Rxd8
47. Rxh5 Rd2+ 48. Kh3 Kd7 49. Kg4 Ke6 50. Rh1 Rd8 51. f4 exf4 52. gxf4 Rg8+ 53.
Kf3 Rc8 54. Bd4 Rc6 55. Rb1 f5 56. e5 Kd5 57. Ke3 Rh6 58. Kd3 Nd8 59. Rb6 Rh3+
60. Be3 Ne6 61. Rd6# 1-0

[Event "Schachfestival 2014 - Senioren"]
[Site "Woerishofen Bad"]
[Date "2014.03.22"]
[Round "2.50"]
[White "Kuenstler, Siegfried"]
[Black "Braeu, Emmi"]
[Result "1-0"]
[WhiteElo "1873"]
[BlackElo "1645"]
[PlyCount "127"]
[EventDate "2014.03.21"]
[EventType "swiss"]
[EventCountry "GER"]
[WhiteTeam "SF Ravensburg"]
[BlackTeam "SK Marktoberdorf"]
[WhiteTeamCountry "GER"]
[BlackTeamCountry "GER"]

1. b3 Nf6 2. e3 g6 3. Bb2 Bg7 4. Nf3 c5 5. Be2 Nc6 6. O-O O-O 7. d4 cxd4 8.
exd4 d5 9. c4 b6 10. Na3 a6 11. Rc1 Qd6 12. Nc2 Qc7 13. Ne3 Qd7 14. Ne5 Qd6 15.
Nxc6 Qxc6 16. cxd5 Qd6 17. Bf3 Bb7 18. Nc4 Qd8 19. d6 Bxf3 20. Qxf3 exd6 21.
Ba3 Re8 22. Rfe1 Rxe1+ 23. Rxe1 Rc8 24. Qb7 b5 25. Nxd6 Rc7 26. Qb6 Rd7 27.
Qxa6 Bf8 28. Nxb5 Bxa3 29. Qxa3 Rd5 30. Qa6 Rf5 31. a4 h5 32. Qd6 Rd5 33. Qxd8+
Rxd8 34. f3 g5 35. Kf2 Kg7 36. Ke2 Nd5 37. Kd2 h4 38. g3 h3 39. Kd3 Kg6 40. Kc4
Nf6 41. a5 Rc8+ 42. Kd3 Nd5 43. Re2 Nb4+ 44. Kd2 Nd5 45. Re5 Nb4 46. Nc3 Rd8
47. d5 Kf6 48. f4 gxf4 49. gxf4 Rg8 50. Ne4+ Kg7 51. Rg5+ Kf8 52. Rxg8+ Kxg8
53. d6 Kf8 54. Kc3 Nc6 55. a6 Ke8 56. Kc4 Kd7 57. Kc5 Na7 58. Nf6+ Kd8 59. Kb6
Nc8+ 60. Kc5 Na7 61. b4 Kc8 62. b5 Kb8 63. b6 Nc8 64. d7 1-0

[Event "Schachfestival 2014 - Senioren"]
[Site "Woerishofen Bad"]
[Date "2014.03.22"]
[Round "2.24"]
[White "Villing, Dieter"]
[Black "Meul, Willi"]
[Result "1-0"]
[WhiteElo "2117"]
[BlackElo "1880"]
[PlyCount "53"]
[EventDate "2014.03.21"]
[EventType "swiss"]
[EventCountry "GER"]
[WhiteTeam "SK 1962 Ladenburg"]
[BlackTeam "Schachverein 1925 Hürth-Berrenra"]
[WhiteTeamCountry "GER"]
[BlackTeamCountry "GER"]

1. e4 c5 2. Nf3 d6 3. Bb5+ Bd7 4. Bxd7+ Qxd7 5. O-O Nc6 6. c3 Nf6 7. d4 cxd4 8.
cxd4 Nxe4 9. d5 Ne5 10. Re1 Nxf3+ 11. Qxf3 f5 12. Nd2 Ng5 13. Qd3 g6 14. Nc4
Nf7 15. Qd4 Rg8 16. Qh4 h6 17. Be3 Bg7 18. Rad1 Bf6 19. Qg3 g5 20. Bd4 Bxd4 21.
Rxd4 O-O-O 22. Qb3 Kb8 23. Na5 Ka8 24. Rb4 Rb8 25. Nc4 Rgc8 26. Nb6+ axb6 27.
Qa3+ 1-0

[Event "Schachfestival 2014 - Senioren"]
[Site "Woerishofen Bad"]
[Date "2014.03.22"]
[Round "2.39"]
[White "Oud, Niek"]
[Black "Riegler, Markus"]
[Result "1-0"]
[WhiteElo "2000"]
[BlackElo "1817"]
[PlyCount "89"]
[EventDate "2014.03.21"]
[EventType "swiss"]
[EventCountry "GER"]
[WhiteTeam "VAS"]
[BlackTeam "SK Mannheim-Lindenhof 1865"]
[WhiteTeamCountry "NED"]
[BlackTeamCountry "GER"]

1. d4 Nf6 2. Nf3 d5 3. c4 c6 4. Nc3 dxc4 5. a4 Bg4 6. e3 e6 7. Bxc4 Nbd7 8. h3
Bh5 9. O-O Nd5 10. e4 Nxc3 11. bxc3 Be7 12. Rb1 Qc7 13. Re1 O-O 14. Be3 h6 15.
Qb3 Bxf3 16. gxf3 Rab8 17. Kh1 Kh7 18. Rg1 Qb6 19. Qc2 Qd8 20. e5+ Kh8 21. Qd2
g5 22. f4 Rg8 23. f5 exf5 24. Bxf7 Rg7 25. e6 Nb6 26. Qe2 Qd5+ 27. f3 Nxa4 28.
c4 Qd6 29. Ra1 b5 30. Qc2 f4 31. Bf2 Qb4 32. cxb5 cxb5 33. Rgb1 Qd6 34. Kg2 a6
35. Rc1 Rd8 36. Qc6 Qxc6 37. Rxc6 a5 38. Rd1 b4 39. d5 Nc3 40. d6 Bf6 41. Rd3
Rxf7 42. exf7 Kg7 43. Bb6 Ra8 44. d7 Kxf7 45. Rc8 1-0

[Event "Schachfestival 2014 - Senioren"]
[Site "Woerishofen Bad"]
[Date "2014.03.22"]
[Round "2.33"]
[White "Schweitzer, Paul"]
[Black "Taufratshofer, Martin"]
[Result "0-1"]
[WhiteElo "1696"]
[BlackElo "1990"]
[PlyCount "92"]
[EventDate "2014.03.21"]
[EventType "swiss"]
[EventCountry "GER"]
[WhiteTeam "SV Königsjäger Süd-West e.V."]
[BlackTeam "SK Obergünzburg"]
[WhiteTeamCountry "GER"]
[BlackTeamCountry "GER"]

1. Nf3 g6 2. d4 Bg7 3. c3 d6 4. e3 Nd7 5. Nbd2 b6 6. Be2 Bb7 7. a4 a6 8. Qb3 e6
9. Qc2 Ne7 10. e4 Rc8 11. Qb1 c5 12. Nf1 h6 13. Ng3 Qc7 14. Be3 Nf6 15. O-O Ng4
16. h3 Nxe3 17. fxe3 O-O 18. Rc1 f5 19. exf5 exf5 20. Nf1 Kh8 21. Qd3 Rce8 22.
N3d2 Nd5 23. Bf3 Nf6 24. b4 Ne4 25. a5 b5 26. bxc5 dxc5 27. Bxe4 Bxe4 28. Nxe4
Rxe4 29. Nd2 Re7 30. Rf1 Rfe8 31. Rf3 h5 32. Nf1 Bh6 33. dxc5 Qxc5 34. Qd4+ Qe5
35. Rd1 Bg7 36. Qd6 Re6 37. Qxe5 Bxe5 38. Rd7 R8e7 39. Rd8+ Kg7 40. e4 fxe4 41.
Rff8 Bxc3 42. h4 e3 43. Rg8+ Kh6 44. Nxe3 Rxe3 45. Rd6 Re1+ 46. Kf2 Rf7+ 0-1

[Event "Schachfestival 2014 - Senioren"]
[Site "Woerishofen Bad"]
[Date "2014.03.22"]
[Round "2.53"]
[White "Mittenzwei, Ingo"]
[Black "Dallmeier, Gerhard"]
[Result "0-1"]
[WhiteElo "1598"]
[BlackElo "1852"]
[PlyCount "58"]
[EventDate "2014.03.21"]
[EventType "swiss"]
[EventCountry "GER"]
[WhiteTeam "Schachklub Sülz-Klettenberg"]
[BlackTeam "SK Roland Weissenfels"]
[WhiteTeamCountry "GER"]
[BlackTeamCountry "GER"]

1. d4 Nf6 2. Nf3 d6 3. c4 g6 4. Bg5 Bg7 5. Nc3 Nbd7 6. e3 O-O 7. Be2 e5 8. O-O
c6 9. e4 h6 10. Be3 Ne8 11. d5 f5 12. dxc6 bxc6 13. exf5 gxf5 14. Qb3 f4 15.
Bd2 Nc5 16. Qc2 Bf5 17. Qd1 Qf6 18. b4 Nd3 19. Ne1 Nxe1 20. Rxe1 Nc7 21. Bf3 e4
22. Nxe4 Bxe4 23. Bxe4 Rae8 24. Rc1 d5 25. cxd5 Nxd5 26. Qf3 Ne7 27. Bxc6 Nxc6
28. Rxe8 Rxe8 29. Rxc6 Qa1+ 0-1

[Event "Schachfestival 2014 - Senioren"]
[Site "Woerishofen Bad"]
[Date "2014.03.22"]
[Round "2.1"]
[White "Baum, Bernd"]
[Black "Neumann, Erwin"]
[Result "1-0"]
[WhiteElo "2302"]
[BlackElo "1932"]
[PlyCount "57"]
[EventDate "2014.03.21"]
[EventType "swiss"]
[EventCountry "GER"]
[WhiteTeam "SV Empor Erfurt"]
[BlackTeam "SK Schwäbisch Hall"]
[WhiteTeamCountry "GER"]
[BlackTeamCountry "GER"]

1. Nf3 Nf6 2. c4 e6 3. g3 b6 4. Bg2 Bb7 5. O-O Be7 6. b3 O-O 7. Bb2 d6 8. d4
Nbd7 9. Qc2 Ne4 10. Ne1 f5 11. f3 Ng5 12. Nd3 Bf6 13. Nd2 Qe7 14. Rae1 Rae8 15.
h4 Nf7 16. e4 fxe4 17. Nxe4 Nh6 18. Bh3 Bxh4 19. gxh4 Qxh4 20. Qh2 Nf5 21. Bc1
h6 22. Bxf5 Qxh2+ 23. Kxh2 exf5 24. Nc3 a6 25. d5 Ne5 26. Nxe5 dxe5 27. Rf2 Kf7
28. Rfe2 Kf6 29. Bf4 1-0

[Event "Schachfestival 2014 - Senioren"]
[Site "Woerishofen Bad"]
[Date "2014.03.22"]
[Round "2.54"]
[White "Niedermaier, Peter"]
[Black "Buss, Richard"]
[Result "1-0"]
[WhiteElo "1844"]
[BlackElo "1628"]
[PlyCount "67"]
[EventDate "2014.03.21"]
[EventType "swiss"]
[EventCountry "GER"]
[WhiteTeam "SU Ebersberg-Grafing"]
[BlackTeam "VfR Heisfelde e.V."]
[WhiteTeamCountry "GER"]
[BlackTeamCountry "GER"]

1. e4 e5 2. Nf3 Nc6 3. Bb5 Bc5 4. O-O d6 5. d4 exd4 6. Nxd4 Bd7 7. Nxc6 bxc6 8.
Bc4 Nf6 9. Bg5 O-O 10. Nc3 a5 11. Na4 Ba7 12. Qf3 Be6 13. Bxf6 gxf6 14. Bd3 Kh8
15. Nc3 Rg8 16. Ne2 Bg4 17. Qf4 Qe7 18. c3 Qe5 19. Qd2 Bh3 20. g3 Bxf1 21. Kxf1
Rg7 22. Qc2 Rag8 23. Qa4 Qc5 24. Nd4 Qh5 25. Kg2 Bc5 26. Be2 Qe5 27. Nf5 Rd8
28. Nxg7 Kxg7 29. Qxa5 f5 30. Bf3 h5 31. Re1 fxe4 32. Rxe4 Qg5 33. Rf4 d5 34.
Qxc7 1-0

[Event "Schachfestival 2014 - Senioren"]
[Site "Woerishofen Bad"]
[Date "2014.03.22"]
[Round "2.11"]
[White "Lange, Manfred"]
[Black "Thieme, Wolfgang"]
[Result "1-0"]
[WhiteElo "2089"]
[BlackElo "1911"]
[PlyCount "39"]
[EventDate "2014.03.21"]
[EventType "swiss"]
[EventCountry "GER"]
[WhiteTeam "SV Würzburg von 1865 e.V."]
[BlackTeam "Schachclub Bayer Uerdingen 1923"]
[WhiteTeamCountry "GER"]
[BlackTeamCountry "GER"]

1. e4 e6 2. d4 c5 3. d5 exd5 4. exd5 d6 5. Nf3 Nf6 6. Nc3 Be7 7. Bb5+ Nbd7 8.
a4 a6 9. Bc4 b6 10. O-O O-O 11. h3 Re8 12. Bf4 Nf8 13. Qd3 Ng6 14. Bh2 Bd7 15.
Bxa6 Nh5 16. Bb5 Bxh3 17. gxh3 Qc8 18. Ne1 Ngf4 19. Bxf4 Nxf4 20. Qg3 1-0

[Event "Schachfestival 2014 - Senioren"]
[Site "Woerishofen Bad"]
[Date "2014.03.22"]
[Round "2.44"]
[White "Schaberg, Wolfgang"]
[Black "Koppenhoefer, Heinz"]
[Result "1-0"]
[WhiteElo "1884"]
[BlackElo "1710"]
[PlyCount "101"]
[EventDate "2014.03.21"]
[EventType "swiss"]
[EventCountry "GER"]
[WhiteTeam "Scacchi Franciacorta"]
[BlackTeam "TSV Solln Schachabteilung"]
[WhiteTeamCountry "ITA"]
[BlackTeamCountry "GER"]

1. e4 e5 2. Nf3 Nc6 3. Bb5 d6 4. O-O a6 5. Bxc6+ bxc6 6. d4 exd4 7. Qxd4 Bb7 8.
Nc3 Nf6 9. e5 dxe5 10. Qxe5+ Be7 11. Rd1 Qc8 12. Bf4 Kf8 13. Qxc7 Qxc7 14. Bxc7
Rc8 15. Bd6 Nd5 16. Bxe7+ Kxe7 17. Nxd5+ cxd5 18. Nd4 Rhd8 19. Rd3 g6 20. f4
Kf6 21. Re1 Re8 22. Rde3 Re4 23. Rxe4 dxe4 24. c3 Rd8 25. Kf2 h5 26. h4 Rd6 27.
Ke3 Rd8 28. g3 Rd6 29. b4 Rd8 30. c4 Rc8 31. c5 Bd5 32. a4 Ke7 33. Rc1 f5 34.
b5 axb5 35. axb5 Kd7 36. b6 Bb7 37. Rc3 Bd5 38. Nb5 Rb8 39. Nd4 Rc8 40. Nc2 Ra8
41. Kd4 Bc6 42. Ra3 Bb7 43. Rxa8 Bxa8 44. Ne3 Ke6 45. Nc4 Bb7 46. Na5 Ba6 47.
b7 Bxb7 48. Nxb7 Kd7 49. Na5 Kc7 50. Nc4 Kc6 51. Ne5+ 1-0

[Event "Schachfestival 2014 - Senioren"]
[Site "Woerishofen Bad"]
[Date "2014.03.22"]
[Round "2.35"]
[White "Breidenbach, Heinz"]
[Black "Lubberich, Alfred"]
[Result "1/2-1/2"]
[WhiteElo "1503"]
[BlackElo "1892"]
[PlyCount "25"]
[EventDate "2014.03.21"]
[EventType "swiss"]
[EventCountry "GER"]
[WhiteTeam "Scacchistica milanese"]
[BlackTeam "Schachgemeinschaft Nettetal 1929"]
[WhiteTeamCountry "ITA"]
[BlackTeamCountry "GER"]

1. d4 Nf6 2. Nf3 d5 3. e3 Bg4 4. c4 c6 5. Qb3 Qc7 6. Ne5 Bf5 7. Bd3 Bxd3 8.
Qxd3 e6 9. c5 Nbd7 10. f4 Ne4 11. Nc3 Ndf6 12. O-O Nxc3 13. bxc3 1/2-1/2

[Event "Schachfestival 2014 - Senioren"]
[Site "Woerishofen Bad"]
[Date "2014.03.22"]
[Round "2.5"]
[White "Krase, Peter Axel"]
[Black "Daeubler, Heinrich"]
[Result "1/2-1/2"]
[WhiteElo "1927"]
[BlackElo "2169"]
[PlyCount "83"]
[EventDate "2014.03.21"]
[EventType "swiss"]
[EventCountry "GER"]
[WhiteTeam "TSV Kareth-Lappersdorf"]
[BlackTeam "Schachclub Haselmuehl"]
[WhiteTeamCountry "GER"]
[BlackTeamCountry "GER"]

1. d4 Nf6 2. Nc3 g6 3. e4 d6 4. Be2 Bg7 5. Bg5 c5 6. Nf3 cxd4 7. Nxd4 Qb6 8.
O-O a6 9. Nb3 Nbd7 10. Qd2 h6 11. Be3 Qc7 12. Bd4 e5 13. Be3 Nc5 14. f3 Be6 15.
Rfd1 Bf8 16. Nxc5 dxc5 17. f4 Rd8 18. Qxd8+ Qxd8 19. Rxd8+ Kxd8 20. fxe5 Nd7
21. Rd1 Kc8 22. Nd5 Bg7 23. c3 Bxe5 24. b4 Nf6 25. Bf3 g5 26. Nxf6 Bxf6 27.
Bxc5 Bxa2 28. Bg4+ Be6 29. Bxe6+ fxe6 30. Rd6 Re8 31. Bd4 Kc7 32. e5 Bg7 33.
Bb6+ Kc8 34. Bd4 Bf8 35. Rb6 Kc7 36. Kf2 Kc8 37. Kf3 h5 38. Ke4 Kc7 39. Kf3 Bg7
40. Ke4 Bf8 41. Kf3 Bg7 42. Ke4 1/2-1/2

[Event "Schachfestival 2014 - Senioren"]
[Site "Woerishofen Bad"]
[Date "2014.03.22"]
[Round "2.55"]
[White "Thiel, Harry"]
[Black "Hommann, Horst"]
[Result "0-1"]
[WhiteElo "1752"]
[BlackElo "1843"]
[PlyCount "120"]
[EventDate "2014.03.21"]
[EventType "swiss"]
[EventCountry "GER"]
[WhiteTeam "Schachpinguine Berlin e.V."]
[BlackTeam "WSG Halle-Neustadt"]
[WhiteTeamCountry "GER"]
[BlackTeamCountry "GER"]

1. e4 c6 2. d4 d5 3. Nc3 dxe4 4. Nxe4 Bf5 5. Ng3 Bg6 6. Nf3 Nf6 7. Bd3 Bxd3 8.
Qxd3 e6 9. Bg5 Nbd7 10. O-O Be7 11. c4 O-O 12. Rad1 Qc7 13. Rfe1 h6 14. Bd2
Rfe8 15. Bc3 Rad8 16. Qc2 b6 17. Ne5 Nxe5 18. dxe5 Rxd1 19. Qxd1 Rd8 20. Qc2
Nh7 21. f4 Qd7 22. Ne4 f5 23. exf6 gxf6 24. b3 f5 25. Nf2 Bc5 26. Kh1 Bxf2 27.
Qxf2 Qd3 28. Qg3+ Qxg3 29. hxg3 Kf7 30. Kh2 Rd3 31. Be5 Rd2 32. a4 Nf8 33. Kh3
Nd7 34. Bh8 Nc5 35. b4 Nd3 36. Rb1 Nf2+ 37. Kh4 Kg6 38. Rb2 Rd1 39. g4 Nxg4 40.
Kg3 Rd3+ 41. Kh4 Kh7 42. Be5 Nxe5 43. fxe5 Rd4+ 44. Kh5 Rxc4 45. Rd2 Rxb4 46.
Rd7+ Kg8 47. Kg6 Kf8 48. Rxa7 Rd4 49. Kf6 Ke8 50. Kxe6 Kd8 51. Kxf5 Rd7 52.
Rxd7+ Kxd7 53. g4 c5 54. Kf6 Ke8 55. Kg6 c4 56. Kxh6 c3 57. g5 c2 58. g6 c1=Q+
59. Kh7 Qh1+ 60. Kg7 Qb7+ 0-1

[Event "Schachfestival 2014 - Senioren"]
[Site "Woerishofen Bad"]
[Date "2014.03.22"]
[Round "2.45"]
[White "Fels, Karl Heinz"]
[Black "Aufmwasser, Guenter"]
[Result "1-0"]
[WhiteElo "1882"]
[BlackElo "1704"]
[PlyCount "33"]
[EventDate "2014.03.21"]
[EventType "swiss"]
[EventCountry "GER"]
[WhiteTeam "Stuttgarter SF 1879"]
[BlackTeam "Schachverein 1922 Hilden"]
[WhiteTeamCountry "GER"]
[BlackTeamCountry "GER"]

1. e4 e5 2. Nf3 d6 3. d4 Bg4 4. Be2 Nd7 5. O-O Ngf6 6. Nc3 Be7 7. h3 Bh5 8. g4
Bg6 9. Bd3 h5 10. g5 Ng4 11. Nd5 f6 12. Nxe7 Qxe7 13. Nh4 Nf8 14. hxg4 fxg5 15.
Nf5 Qf6 16. dxe5 O-O-O 17. exf6 1-0

[Event "Schachfestival 2014 - Senioren"]
[Site "Woerishofen Bad"]
[Date "2014.03.22"]
[Round "2.34"]
[White "Haakert, Karl"]
[Black "Wagner, Gerhard"]
[Result "1/2-1/2"]
[WhiteElo "1943"]
[BlackElo "1795"]
[PlyCount "43"]
[EventDate "2014.03.21"]
[EventType "swiss"]
[EventCountry "GER"]
[WhiteTeam "Schachverein Turm Mülheim 1931 e.V."]
[BlackTeam "Sportfr.Windach e.V.1923"]
[WhiteTeamCountry "GER"]
[BlackTeamCountry "GER"]

1. e4 e6 2. d4 d5 3. e5 Ne7 4. Nf3 Nf5 5. Bd3 c5 6. c3 Nc6 7. Bxf5 exf5 8. a3
b6 9. O-O Be7 10. Re1 O-O 11. b4 c4 12. a4 a6 13. Ba3 b5 14. Nbd2 Be6 15. Nf1
Qd7 16. Bc1 Qd8 17. Qc2 Re8 18. Qb2 Bd7 19. axb5 axb5 20. Rxa8 Qxa8 21. Bg5 Qd8
22. Bxe7 1/2-1/2

[Event "Schachfestival 2014 - Senioren"]
[Site "Woerishofen Bad"]
[Date "2014.03.22"]
[Round "2.7"]
[White "Witte, Manfred"]
[Black "Boldt, Heinrich"]
[Result "1/2-1/2"]
[WhiteElo "2160"]
[BlackElo "1922"]
[PlyCount "56"]
[EventDate "2014.03.21"]
[EventType "swiss"]
[EventCountry "GER"]
[WhiteTeam "VfB Hermsdorf e.V."]
[BlackTeam "TSV Kareth-Lappersdorf"]
[WhiteTeamCountry "GER"]
[BlackTeamCountry "GER"]

1. e4 d6 2. d4 Nf6 3. Nc3 e5 4. Nf3 exd4 5. Nxd4 g6 6. g3 Bg7 7. Bg2 O-O 8. O-O
Nbd7 9. b3 a6 10. a4 Re8 11. Rb1 Nc5 12. Re1 Bg4 13. Qd2 Qd7 14. f3 Bh3 15. Bh1
Ne6 16. Nde2 h5 17. Ba3 Qc6 18. a5 Qd7 19. Rbd1 Rad8 20. Nd5 Nxd5 21. Qxd5 c5
22. Bg2 Bxg2 23. Kxg2 Qb5 24. b4 Nc7 25. Qd3 Qa4 26. Qb3 Qxb3 27. cxb3 Nb5 28.
Bc1 cxb4 1/2-1/2

[Event "Schachfestival 2014 - Senioren"]
[Site "Woerishofen Bad"]
[Date "2014.03.22"]
[Round "2.16"]
[White "Johnsen, Oystein"]
[Black "Blutharsch, Walter"]
[Result "1-0"]
[WhiteElo "2048"]
[BlackElo "1882"]
[PlyCount "59"]
[EventDate "2014.03.21"]
[EventType "swiss"]
[EventCountry "GER"]
[WhiteTeam "Tönsberg"]
[BlackTeam "VfL Sindelfingen"]
[WhiteTeamCountry "NOR"]
[BlackTeamCountry "GER"]

1. Nf3 d5 2. g3 Nc6 3. d4 Nf6 4. Bg2 e6 5. O-O Be7 6. b3 O-O 7. Bb2 Bd7 8. c4
Qc8 9. Ne5 Rd8 10. Nc3 Be8 11. cxd5 exd5 12. e3 Qe6 13. f4 a6 14. f5 Qd6 15.
Ng4 Nxg4 16. Qxg4 Qh6 17. Nxd5 Rxd5 18. Bxd5 Qxe3+ 19. Kh1 Bf6 20. Rfe1 Qh6 21.
Bc1 g5 22. fxg6 Qxg6 23. Qxg6+ hxg6 24. Bf4 Bxd4 25. Rad1 Bb6 26. Bg2 Rb8 27.
h4 Kg7 28. Kh2 a5 29. Re2 Nd4 30. Be5+ 1-0